000 00440nam a22001697a 4500
999 _c5968
_d5968
003 GBCCL
005 20241126110553.0
008 180419b ||||| |||| 00| 0 eng d
040 _cgbc
082 _a248
_bMUR
100 _aMurray, Andrew
_97578
245 _aTriumph in the inner life /
_cAndrew Murray
260 _aIllinois:
_bGood News Publishers,
_c1959
300 _a64 p.;
_c19 cm.
650 _aChristian life
_9183
942 _2ddc
_cBK